Normal view
MARC view
- Jordan, Edward C ,Balmain, Keith G
Entry Personal Name
001 - CONTROL NUMBER
- control field: 56099
003 - CONTROL NUMBER IDENTIFIER
- control field: NUST
005 - DATE AND TIME OF LATEST TRANSACTION
- control field: 20210628201630.0
008 - FIXED-LENGTH DATA ELEMENTS
- fixed length control field: 210628|| aca||aabn | a|a d
040 ## - CATALOGING SOURCE
- Original cataloging agency: NUST
- Transcribing agency: NUST
100 ## - HEADING--PERSONAL NAME
- Personal name: Jordan, Edward C ,Balmain, Keith G
670 ## - SOURCE DATA FOUND
- Source citation: Work cat.: (NUST): Jordan, Edward C ,Balmain, Keith G, Electromagnetic waves and radiating systems, 2003
